00709nam a2200169 a 450000100100000000500170001000800410002704000250006811000550009324500760014826000530022430000200027704900090029795201050030695201110041199900170052200002892420200930055224.0110412s2003 dr 000 0 spa d aDO-SdBNPbspacBNPHU2 aCooperativa de Ahorros y Crédito Maimón95588010aEstatutos sociales de la cooperativa de ahoros y créditos "Maimón". aSanto Domingo :bEditora Letra Gráfica,c2003. a24 p. ;c22 cm. aBNPD 0010718PDaPDbPDcHDd2011-04-12iLF1l0o p28924-10r2020-06-25w2020-06-25yLFPDZNo se presta 0010718PDaPDbPDcCTd2011-04-12iLF1l0o p28924-20r2020-06-25te. 2w2020-06-25yLFPDZNo se presta c28416d28416